Quick Pick: Harry Potter Spells 'B' Quiz Stats

 Plays Quiz Updated Apr 23, 2018

Challenge
Share
Tweet
Embed
Score 0/6 Timer 00:30
5 Plays Today
% Correct
Babbling Curse
82.1%
Bubble-Head Charm
81.5%
Bat-Bogey Hex
81.4%
Bombarda
75.3%
Brackium Emendo
67%
Bluebell Flames
58.2%

Today's Daily Dose

Missing Word
No Snow!

Word Ladder
Wild Cats

On This Day
December 16th II

You're not logged in!

Compare scores with friends on all Sporcle quizzes.
OR
Log In

You Might Also Like...

Show Comments

Extras

Top Quizzes Today


Score Distribution

Your Account Isn't Verified!

In order to create a playlist on Sporcle, you need to verify the email address you used during registration. Go to your Sporcle Settings to finish the process.

Report this User

Report this user for behavior that violates our Community Guidelines.

Details: